00632 2200241 4500001002100000005001500021035002000036245003200056100002100088300003200109260003400141082000800175084001400183020002200197650001000219500003900229008004100268250001700309990001600326990001600342990001600358990001600374INLIS00000000000010520250107093136 a0010-05240000271 aListrik /cNoeraida Hidayat0 aNoeraida Hidayat aiv, 44 hlm :bilus ;c25 cm aJakarta :bTitian Ilmu,c2007 a537 a537 NOE l a978-979-571-385-2 4aSains aSeri Pengetahuan Umum tentang Alam250107 0  aCetakan ke-1 a00000000388 a00000000389 a00000000390 a00000000391